000 01197nam a22003250a 4500
001 PT12629
003 AR-LpoUNG
005 20210131232508.0
008 191001s1988||||ag |||||||||||||||||spa d
020 _a9502514718
_c$41.40
040 _aAR-LpoUNG
_bspa
_cAR-LpoUNG
_eaacr
041 _aspa
044 _aag
082 0 _a982.062 634es
100 1 _aSlodky, Javier
245 1 3 _aEl Estado justicialista
250 _a1º edición
260 _aBuenos Aires :
_bCentro Editor de América Latina,
_c1988.
300 _a135 p. :
_btbls., gráfs.
520 _aEste estudio trata sobre el origen histórico y la relación Estado-sindicatos del Estado justicialista. Este trabajo se extiende desde la contradictoria gestación, en 1943, de una nueva forma de organización estatal, hasta la Constitución de 1949, que corona el armazón institucional y la fase creativa, en este terreno, del justicialismo.
650 4 _aASPECTOS POLITICOS
650 4 _aHISTORIA SOCIAL
650 4 _aMOVIMIENTOS OBREROS
650 4 _aRELACIONES LABORALES
650 4 _aSINDICALISMO
650 4 _aTRABAJO
651 4 _aDOCUMENTOS TEORICOS O METODOLOGICOS
905 _a12629
942 _cLIB
999 _c15947
_d15947